000 00530nam a2200181Ia 4500
008 220216s9999 xx 000 0 und d
100 _aHacaloglu J
245 0 _aThermal degradation of polythiophene-natural rubber and polythiophene-synthetic rubber conducting polymer composites
260 _bPolymer
_c1997
300 _a5119-5124
650 _aConducting polymers
650 _aPolythiophene-rubber composites
650 _aPyrolysis
700 _aAkbulut U
700 _aToppare L
700 _aYigit S
942 _cJS
999 _c71217
_d71217